Visualizzazione normale
Vista MARC
- Céspedes del Castillo, Guillermo,
di Personal Name
Records bibliografici associati: 3
001 - CONTROL NUMBER
- control field: 8273
003 - CONTROL NUMBER IDENTIFIER
- control field: IT-RoINE
005 - DATE AND TIME OF LATEST TRANSACTION
- control field: 20140526152833.0
008 - FIXED-LENGTH DATA ELEMENTS
- fixed length control field: 140526|| aca||aabn | a|a d
040 ## - CATALOGING SOURCE
- Original cataloging agency: IT-RoINE
- Transcribing agency: IT-RoINE
100 ## - HEADING--PERSONAL NAME
- Personal name: Céspedes del Castillo, Guillermo,
- Dates associated with a name: 1920-2006
670 ## - SOURCE DATA FOUND
- Source citation: Work cat.: (IT-RoINE)0: Céspedes del Castillo, Guillermo, 1920-2006, América hispánica :, 1983.